00495nam a2200181Ia 450000500170000000800410001702000290005804000190008704100120010608200160011810000170013424500410015126000300019230000100022250400500023265000210028285000100030320221028122233.0140110s9999 xx 000 0 und d a9788171560622cRs.550.00 aLoreto College aEnglish a954.02bCHI aChitnis,K.N. aMedieval indian historycK.N.Chitnis aNew delhibAtlanticc2008 a237p. aIncludes bibliographical references and index aHistory of india aLCLIB